Vías y medios de comunicación en Chile durante el siglo XVIII: el camino Santiago Valparaíso y su tráfico

Saved in:
Bibliographic Details
Main Author: Pinto Vallejos, Sonia (autora)
Format: Book
Language:Spanish
Published: Santiago, Chile Universidad de Chile 1976
Subjects:
Tags: Add Tag
No Tags, Be the first to tag this record!

MARC

LEADER 00000nam a2200000 a 4500
001 UCO2122
003 CL-VaPUC
005 20250328155827.0
008 000602e19760000CL |||||||||||||||||spa|d
999 |c 288661  |d 288659 
040 |c Pontificia Universidad Católica de Valparaíso 
082 0 4 |a 388.0983 PIN 1976  |2 21 
100 |a Pinto Vallejos, Sonia  |e autora  |9 447289 
245 1 0 |a Vías y medios de comunicación en Chile durante el siglo XVIII:  |b  el camino Santiago Valparaíso y su tráfico 
260 |a Santiago, Chile  |b Universidad de Chile  |c 1976 
300 |a 117 páginas 
583 |a last modification  |c 20000602 00:00:00  |k Rodrigo Vera 
650 7 |a TRANSPORTE TERRESTRE  |2 CL-VaPUC  |9 256365  |z CHILE 
650 0 |a Historia  |x MEDIOS DE COMUNICACION  |9 255047 
650 0 |a Carreteras  |z CHILE  |9 260132 
650 7 |a MEDIOS DE COMUNICACION  |2 CL-VaPUC  |9 261068  |z CHILE 
852 |a BIBCUR 
942 |c BK  |2 ddc 
945 |d 20000602 00:00:00  |a crobeson 
952 |0 0  |1 0  |2 ddc  |4 0  |6 388_098300000000000_PIN_1976  |7 0  |8 A  |9 336513  |a BIBHIS  |b BIBHIS  |d 2019-11-20  |i 1279084  |l 2  |o 388.0983 PIN 1976  |p 1279084  |r 2025-01-20  |s 2023-06-20  |t 1  |w 2019-11-20  |y BK  |k HIS